| 000 | 00347nam a2200121Ia 4500 | ||
|---|---|---|---|
| 008 | 210430s9999 xx 000 0 und d | ||
| 082 | _a620.14 C411 C | ||
| 100 |
_aPhillippe-Boch _954105 |
||
| 245 |
_aCeramic Materials Processes,Properties and Applications _cPhillippe-Boch |
||
| 260 |
_aINDIA _bHermes _c2007 |
||
| 300 | _a573p | ||
| 942 |
_cBK _2ddc |
||
| 999 |
_c564571 _d564571 |
||